000 00424nam a2200157Ia 4500
999 _c29058
_d29058
003 OSt
005 20260617170654.0
008 250310s9999||||xx |||||||||||||| ||und||
040 _c.
082 _a891.43
_bC4958
100 _96136
_aChaturvedi, Phaneendra Nath
245 0 _aHamare rastra nirmata /
_cPhaneendra Nath Chaturvedi
260 _aVaranasi :
_bSrivanindra prakashan,
_c2003.
942 _cBK
_2ddc
041 _ahin